| 000 | 00427nam a2200157 i 4500 | ||
|---|---|---|---|
| 001 | 99608 | ||
| 003 | ES-MaACL | ||
| 005 | 20230906182527.0 | ||
| 007 | t| | ||
| 008 | 050913s1961 sp ||||1| spa d | ||
| 100 | 1 |
_aMartínez Alonso, Isidoro. _977845 |
|
| 245 | 1 | 0 |
_aPoesía sintética / _cIsidoro Martínez Alonso. |
| 260 |
_aMadrid : _bCabal, _c1961. |
||
| 300 |
_a34 p. ; _c25 cm. |
||
| 852 |
_aES-MaACL _j1971-F-24 _bR.48286 |
||
| 999 |
_c99608 _d99608 |
||